A Hévízi „Balalajka” étterem megvalósításának, üzemeltetésének és gazdálkodásának komplex elemzése

Bibliográfiai részletek
Szerző: Nagy Irina
További közreműködők: Bártfai Endre
Dokumentumtípus: Diplomadolgozat
Kulcsszavak:Hévíz
Balalajka
étterem
orosz
Termál fürdő
Online Access:http://dolgozattar.uni-bge.hu/7547

MARC

LEADER 00000nta a2200000 i 4500
001 dolg7547
005 20161206123214.0
008 161004suuuu hu om 000 hun d
040 |a BGE Dolgozattár Repozitórium  |b hun 
041 |a hu 
100 1 |a Nagy Irina 
245 1 2 |a A Hévízi „Balalajka” étterem megvalósításának, üzemeltetésének és gazdálkodásának komplex elemzése  |c Nagy Irina  |h [elektronikus dokumentum] 
246 1 1 |a A Hévízi „Balalajka” étterem megvalósításának, üzemeltetésének és gazdálkodásának komplex elemzése 
695 |a Hévíz 
695 |a Balalajka 
695 |a étterem 
695 |a orosz 
695 |a Termál fürdő 
700 1 |a Bártfai Endre  |e ths 
856 4 0 |u http://dolgozattar.uni-bge.hu/7547/1/Nagy%20Irina_TTMBPQ_2016_10_01.pdf  |z Dokumentum-elérés